=LDR 00000nam 2200000 4500 =001 INLIS000000000015054 =005 20130612110332 =008 ***********************************Ind** =035 ##$$0010-061300000015054 =041 ##$$a Ind =082 ##$$a 657.07 =090 ##$$a 657.07, uto c =100 ##$$a Utomo, P. harlianto =245 ##$$a Controership, Pendekatan Soal Jawaban, harlianto Utomo P =260 ##$$a 1987 $b bandung =300 ##$$a 504 Hlm, ilus, 21 Cm =650 ##$$a Akuntansi-Soal Jawaban =850 ##$$a NBPNMAT